Temples de Nubie : des trésors menacés /

محفوظ في:

المؤلف الرئيسي: Desroches-Noblecourt, Christiane, 1913-2011.

التنسيق: كتاب

اللغة: French

منشور في: Paris : [s.n.], 1961.

سلاسل: Art et style ; 58.

الموضوعات:

الوسوم: إضافة وسم

لا توجد وسوم, كن أول من يضع وسما على هذه التسجيلة!

رقم الطلب: ( F )DT135 .N8 D46 1961

LEADER 00769nam a2200205Ia 4500
003 OSt
005 20240917053852.0
008 230909s1961 fr 000 0 fre d
952 |0 0  |1 0  |2 lcc  |4 0  |7 1  |9 49866  |a ARCE  |b ARCE  |d 2023-09-09  |l 0  |o ( F )DT135 .N8 D46 1961  |p 1034204  |r 2023-09-09 00:00:00  |w 2023-09-09  |y BK 
999 |c 54489  |d 54489 
040 |c ARCE Library 
050 4 |a ( F )DT135 .N8 D46 1961 
100 2 |a Desroches-Noblecourt, Christiane,   |d 1913-2011. 
245 1 0 |a Temples de Nubie :   |b des trésors menacés /   |c préface et notes de legendes par Christiane Desroches-Noblecourt. 
264 1 |a Paris :   |b [s.n.],   |c 1961. 
300 |a [60] p. :   |b chiefly ill. ;   |c 31 cm. 
490 0 |a Art et style ; 58.  
651 0 |a Nubia -- Antiquities. 
901 |a reviewed 
942 |2 lcc  |c BK